Country Names Containing a Letter - EE - Statistics

General Stats
  • This quiz has been taken 174 times
  • The average score is 19 of 26
Answer Stats
Hint Country % Correct
2 x E United States
92%
3 x E United Arab Emirates
89%
2 x E Sweden
87%
3 x E Democratic Republic of the Congo
84%
2 x E Senegal
81%
2 x E Yemen
81%
2 x E Equatorial Guinea
80%
2 x E Eritrea
80%
2 x E New Zealand
79%
2 x E Republic of the Congo
78%
3 x E Greece
77%
3 x E Venezuela
77%
2 x E Central African Republic
76%
5 x E Federated States of Micronesia
74%
4 x E Saint Vincent and the Grenadines
74%
2 x E Netherlands
72%
2 x E Czech Republic
71%
3 x E Liechtenstein
71%
3 x E Seychelles
69%
2 x E Papua New Guinea
68%
2 x E São Tomé and Príncipe
64%
2 x E Belize
62%
3 x E Sierra Leone
62%
2 x E Bosnia and Herzegovina
58%
3 x E Cape Verde
56%
2 x E Montenegro
54%
No matching quizzes found
Score Distribution
Percent of People with Each Score
Percentile by Number Answered
Your Score History
You have not taken this quiz